Score 0/36 Timer 04:00
2 Plays Today
Movie Missing Word % Correct
Father of the ___Bride
94.9%
O Brother, ___ Art Thou?Where
91.5%
Big Momma's ___House
86.2%
Daddy Day ___Care
85.2%
Sister ___Act
82.9%
Daddy ___ LegsLong
82.6%
The ___ FatherGood
82%
In the ___ of the FatherName
79.1%
My Cousin ___Vinny
78.3%
___ DaddyBig
76.2%
___ Miner's DaughterCoal
73.7%
My Stepmother Is an ___Alien
71.6%
Stop! Or My Mom Will ___Shoot
70.7%
Uncle ___Buck
70.4%
My Sister's ___Keeper
65.4%
Throw Momma from the ___Train
65%
Son in ___Law
64.8%
Mommie ___Dearest
63.1%
Movie Missing Word % Correct
___ MomMr.
50.4%
Our ___ BrotherIdiot
35.4%
Son of ___Frankenstein
34.5%
Two ___ for Sister SarahMules
30.5%
Auntie ___Mame
27.2%
The ___ WifePreacher's
26.4%
___ DadGhost
24.6%
___ with FatherLife
22.9%
Mother, Jugs & ___Speed
20.8%
The ___ DaughterGeneral's
17%
Son of ___Flubber
13.3%
Father ___Goose
12.4%
___ with My AuntTravels
12.2%
___ MomSerial
11.2%
The ___ WifeAstronaut's
10.9%
The ___ WifeBishop's
8%
The ___ WifeButcher's
5.9%
___ & SonHarry
2.4%

Today's Daily Dose

Remove Ads.
Support Sporcle.
Get the best of Sporcle when you Go Orange. This ad-free experience offers more features, more stats, and more fun while also helping to support Sporcle. Thank you for becoming a member.

You're not logged in!

Compare scores with friends on all Sporcle quizzes.
OR
Log In

Show Comments

Extras

Top Quizzes Today


Score Distribution

Your Account Isn't Verified!

In order to create a playlist on Sporcle, you need to verify the email address you used during registration. Go to your Sporcle Settings to finish the process.

Report this User

Report this user for behavior that violates our Community Guidelines.

Details: